Uganda (Record no. 390348)

000 -LEADER
fixed length control field 00294cam a22001097a 4500
008 - FIXED-LENGTH DATA ELEMENTS--GENERAL INFORMATION
fixed length control field 180718b1997 xxu||||| |||| 00| 0 eng d
082 ## - DEWEY DECIMAL CLASSIFICATION NUMBER
Classification number A84x6761 Ug1
245 ## - TITLE STATEMENT
Title Uganda
260 ## - PUBLICATION, DISTRIBUTION, ETC.
Place of publication, distribution, etc. Kampala
Name of publisher, distributor, etc. Ministry of Tourism, Wildlife and Antiquities
Date of publication, distribution, etc. 1997
300 ## - PHYSICAL DESCRIPTION
Extent v.p.
650 ## - SUBJECT ADDED ENTRY--TOPICAL TERM
Topical term or geographic name entry element Uganda - Yearbooks

No items available.

Powered by Koha